| 000 | 00763nam a2200229 a 4500 | ||
|---|---|---|---|
| 999 |
_c20227 _d20227 |
||
| 005 | 20180607082733.0 | ||
| 008 | 180606s2018 ck a||| r|||| 00| 0 spa d | ||
| 020 | _a9789585636040 | ||
| 040 |
_aCO-BoIAVH _cCO-BoIAVH |
||
| 041 | 0 | _aspa | |
| 044 | _ack | ||
| 090 |
_aI-PO- _b01 |
||
| 245 | 0 | 0 |
_aPicos y patas / _cilustraciones Patricia Luna |
| 260 |
_aBogotá (Colombia) : _bPoklonka editores, _c2018. |
||
| 300 |
_a104 páginas : _bilustraciones a color ; _c26 x 21 cm. |
||
| 500 | _aInspirado en la obra de Vitali Bianki | ||
| 650 | 2 | 4 |
_aBiodiversidad _vLiteratura infantil |
| 650 | 2 | 4 |
_aNaturaleza _vLiteratura infantil |
| 650 | 2 | 6 |
_aFauna _vLiteratura infantil |
| 700 | 1 |
_aLuna, Patricia _eilustradora |
|
| 942 |
_2z _cLIBRO |
||